Statistics for NBA Face Merge

Click here to take the quiz!

General Stats

  • This quiz has been taken 318 times
  • The average score is 8 of 16

Answer Stats

Answer% Correct
Derrick Rose, JR Smith
85%
Kevin Garnett, Ray Allen
82%
LeBron, Kevin Durant
65%
Shaq, Dwight Howard
58%
Kobe, Westbrook
57%
Kyrie, Paul George
56%
Kyrie, Tristan Thompson
56%
Russell Westbrook, Zach Lavine
56%
Demar, Chris Paul
54%
Steph, Klay
52%
Lebron, Carmelo
49%
Tim Duncan, AD
39%
Nick Young, Iman Shumpert
35%
Chris Paul, Chris Bosh
34%
Steve Nash, Goran Dragic
33%
Giannis, Jabari Parker
25%

Score Distribution

Percentile by Number Answered

Percent of People with Each Score

Your Score History

You have not taken this quiz